Statistiques concernant Les 12 travaux d'Astérix

Cliquez ici pour prendre le quiz!

Statistiques générales

  • Ce quiz a été pris 6 fois
  • Le résultat moyen est 5 sur 12

Statistiques - réponses

HintRéponse% Correct
8Obtenir le laissez-passer A38 dans la Maison qui Rend Fou
67%
7Pénétrer dans l'antre de la bête et en ressortir
67%
3Battre Cylindric le Germain à la lutte
50%
10Escalader la plus haute montagne et résoudre l'énigme du Vénérable du Sommet
50%
2Lancer le javelot plus loin que Kermès le Perse
50%
1Vaincre Mérinos, le champion de Marathon, à la course à pieds
50%
6Finir jusqu'à la dernière miette le repas préparé par Mannekenpix, le cuisinier des Titans
33%
4Résister au charme des prêtresses de l'Ile du Plaisir
33%
5Soutenir le regard d'Iris, le magicien venu d'Egypte
33%
11Passer une nuit dans la Plaine des Revenants
17%
12Survivre aux Jeux du Cirque
17%
9Traverser un gouffre rempli de crocodiles sur un fil invisible
17%

Distribution des résultats

Percentile par nombre de réponses

% des personnes avec chaque résultat

Votre développement - résultats

Vous n’avez pas pris ce quiz